Niche Brainrot quiz - Statistics

General Stats
  • This quiz has been taken 14 times
  • The average score is 10 of 12
Answer Stats
Hint Answer % Correct
oh you gotta give it that hawk tuah
100%
what is massive low taper fade
100%
kumalala savesta
100%
errmm what the sigma
100%
who is my sunshine lebron
90%
n1 cursed place ohio
90%
I've already...(squid game) played these games before
90%
who rizzed livvy dunn baby gronk
80%
We can go gyat for gyat fuck that we can go rizz for rizz
80%
W (streamer) speed
80%
are you gonna finish that... croissant
70%
hurricane katrina more like hurricane tortilla
50%
No matching quizzes found
Score Distribution
Percent of People with Each Score
Percentile by Number Answered
Your Score History
You have not taken this quiz